000 00954nam a2200241 a 4500
001 000025994
005 20240409073640.0
008 110225t1996 fluac 001 0dspa d
040 _aDO-SdBNP
_bspa
_cBNPHU
082 _a972.93053
_bM536t, 1996
100 1 _aMencía Lister, Rafael,
_d1922-
_952894
245 1 0 _aTrujillo y su época II /
_cRafael Mencía Lister.
246 1 4 _aTrujillo y su época II :
_ben el marco de su irresponsabilidad, Trujillo era responsable.
260 _aMiami, Florida :
_bSolo Printing,
_c1996.
300 _a254 p. :
_bil., retrs. ;
_c23 cm.
500 _aIncluye índice onomástico.
504 _aBibliografía: p. 232-236.
600 1 0 _aTrujillo Molina, Rafael Leónidas,
_d 1891-1961
_976764
651 4 _aRepública Dominicana
_xPolítica Y Gobierno
_yERA DE TRUJILLO, 1930-1961
_91374
651 4 _aRepública Dominicana
_xHistoria
_y1924-1930
_952895
910 _aValidado. Control de calidad EMS.
049 _aBNPD
999 _c25486
_d25486